000 01017nam a2200301 i 4500
003 DO-SdBNP
005 20250604134646.0
007 ta
008 250604b2024 dr ac||| |||| 00| 0 spa d
020 _a9789945251111
040 _aDO-SdBNP
_bspa
_cBNPHU
_erda
041 _aspa
082 4 _axxx
_bG165c
_222
100 _aGarcía Michel, Eduardo,
_eautor
_4aut.
_99281
245 1 3 _aEl complot que tumbó al jefe /
_cEduardo García Michel ; prólogo, José Rafael Lantigua
250 _aPrimera edición
264 4 _aSanto Domingo :
_bArchivo General de la Nación,
_c©2024.
300 _a374 páginas ;
_c23 cm.
336 _atexto
_btxt
_2rdacontent
337 _asin mediación
_bn
_2rdamedia
338 _avolumen
_bnc
_2rdacarrier
490 _aArchivo General de la Nación
_v436
500 _aIncluye datos biográficos del autor en la solapa de la cubierta
590 _aInventariado, 2025/BT
700 1 _aLantigua, José Rafael,
_eprologuista
_4pr.
_985376
910 _aBtavárez
942 _2ddc
_cLBS1
999 _c58849
_d58849